00703nam 22002053 4500001000700000010002200007021001800029090001100047100004100058200009400099205000900193210003100202215003600233606010100269675001600370801001800386830001000404990001100414995007200425202126 a978-989-628-025-3 aPTb272355/08 a202126 a20260511d u||y0pory50 ba aTudo sobre os Jogos Olímpicos: Atenas 1896, Pequim 2008fdesign e produção Quidnovi a1ª  aMatosinhoscQuidnovid2007 a287 p. cil. ; brochadod24 cm  914416aDivertimentos públicos. Espetáculos. Cinema.Teatro. Dança. Jogos de mesa. Desportos a79vPTzpor aPTbBMMNgRPC cVanda cLIVROS 002052026-05-11931830bBMMNf31550k79 JOG|DEPo0rLIVROSsCompra